Áp dụng khát quát hóa, đặc biệt hóa, tương tự hóa trong việc giải toán sơ cấp

Nghiên cứu vai trò của khái quát hoá, đặc biệt hoá và tương tự trong dạy học toán và dạy học trong lượng giác, trong hình học chứng minh bất đẳng thức. Đề xuất một số biện pháp nhằm rèn luyện khái quát hoá, đặc biệt hoá và tương tự cho học sinh vào giải toán trong lượng giác, trong hình học; chứng m...

詳細記述

保存先:
書誌詳細
第一著者: Đoàn Văn An
その他の著者: Lê Hoàng Trí TS. (Hướng dẫn)
フォーマット: 図書
言語:Vietnamese
出版事項: Đà Nẵng Đại học Đà Nẵng 2016
主題:
タグ: タグ追加
タグなし, このレコードへの初めてのタグを付けませんか!
Thư viện lưu trữ: Mạng thư viện Đại học Đà Nẵng
LEADER 02063nam a2200397 4500
001 000024384
003 20872
005 20161223081223.0
008 161207s2016 viesd
041 |a vie 
082 1 4 |a 512.97  |b ĐO-A 
100 1 |a Đoàn Văn An 
245 1 0 |a Áp dụng khát quát hóa, đặc biệt hóa, tương tự hóa trong việc giải toán sơ cấp  |c Đoàn Văn An ; Phan Đức Tuấn hướng dẫn  |k Luận văn tốt nghiệp 
260 |a Đà Nẵng  |b Đại học Đà Nẵng  |c 2016 
300 |a 90 tr. ; phụ lục 3 tr.  |c 29 cm.  |e Tóm tắt 
500 |a Luận văn Thạc sĩ Khoa Học. Chuyên ngành : Phương pháp toán sơ cấp. Mã số: 60 46 01 13 
520 3 |a Nghiên cứu vai trò của khái quát hoá, đặc biệt hoá và tương tự trong dạy học toán và dạy học trong lượng giác, trong hình học chứng minh bất đẳng thức. Đề xuất một số biện pháp nhằm rèn luyện khái quát hoá, đặc biệt hoá và tương tự cho học sinh vào giải toán trong lượng giác, trong hình học; chứng minh đẳng thức và bất đẳng thức; một số dạng toán khác hay gặp trong bậc phổ thông.. 
650 0 4 |a Lượng giác  |v Luận văn thạc sĩ  |x Bất đẳng thức 
653 |a Khái quát hóa 
653 |a Toán sơ cấp 
653 |a Tương tự hóa 
653 |a Đặc biệt hóa 
653 |a Phương pháp toán sơ cấp 
653 |a Hình học 
653 |a Lượng giác 
700 1 |a Lê Hoàng Trí  |c TS.  |e Hướng dẫn 
OWN |a LSP 
AVA |a UDN50  |b LSP  |d 512.97 ĐO-A  |e available  |t Error 5001 Not defined in file expand_doc_bib_avail.  |f 1  |g 0  |h N  |i 0  |k 1 
999 |a From the UDN01 
AVA |a UDN50  |b LSP  |d 512.97 ĐO-A  |e available  |t Error 5001 Not defined in file expand_doc_bib_avail.  |f 1  |g 0  |h N  |i 0  |k 1 
TYP |a Monograph 
TYP |a Printed language 
980 |a Mạng thư viện Đại học Đà Nẵng